| 000 | 01601cam a2200277 4500500 | ||
|---|---|---|---|
| 005 | 20260208005006.0 | ||
| 041 | _afre | ||
| 042 | _adc | ||
| 100 | 1 | 0 |
_aAndréolle, Donna Spalding _eauthor |
| 245 | 0 | 0 | _a“Men are from Mars, Women are from Venus”? |
| 260 | _c2007. | ||
| 500 | _a67 | ||
| 520 | _aRésuméLe féminisme radical, qui a connu son apogée dans les années 60/70—avec des groupes tels que les New York Radical Feminists, WITCH, les Redstockings et SCUM—a participé activement à la “guerre des sexes” par son discours virulent contre la gent masculine. D’une part, cet article propose d’examiner quelques exemples de ce discours militant et son impact sur la culture américaine tel que l’on peut le discerner dans la presse grand public de l’époque. D’autre part, il s’agit de voir dans quelle mesure la guerre contre le féminisme radical perdure sur la scène politique, même après la disparition de bon nombre de ces mouvements. | ||
| 690 | _amedia representations | ||
| 690 | _apolitical discourse | ||
| 690 | _aradical feminism | ||
| 690 | _areligious right and feminism | ||
| 690 | _awar against patriarchy | ||
| 690 | _adiscours politique | ||
| 690 | _adroite religieuse et féminisme | ||
| 690 | _aféminisme radical | ||
| 690 | _aguerre contre le patriarcat | ||
| 690 | _areprésentations médiatiques | ||
| 786 | 0 | _nRevue française d’études américaines | 114 | 4 | 2007-12-17 | p. 62-76 | 0397-7870 | |
| 856 | 4 | 1 | _uhttps://shs.cairn.info/revue-francaise-d-etudes-americaines-2007-4-page-62?lang=en&redirect-ssocas=7080 |
| 999 |
_c1650081 _d1650081 |
||